00809nam a2200217Ia 4500003000900000008004100009040001600050080001800066245011600084260003600200300001500236650004100251650003200292650003500324700002900359700002900388700003300417942000700450999001500457952011900472IN-BaIIA211028s9999 xx 000 0 eng d cIIA Library a(05)52bANN-6 0aAnnual review of astronomy and astrophysicsbvol. 6cedited by Leo Goldberg, David Layzer and John G. Phillips  aPalo AltobAnnual Reviewsc1968 avii, 528p. aAstronomy and astrophysics thesaurus aAstronomy-Periodicals94087 aAstrophysics-Periodicals94088 aGoldberg, Leo, ed.94090 aLayzer, David, ed.94091 aPhillips, John G., ed.95230 cBK c3156d3156 00104070aBANbBANcGENd1969-01-18g76.20l0o(05)52/ ANN-6p3509r2021-11-05v76.20w1969-01-18yBKGRs. 76.20